000 01061cam a2200265u 4500
001 6606791
005 20080201154727.0
008 820714s1967 nyua 000 0 eng
010 _a 67009405
040 _aDLC
_cCarP
_dDLC
050 0 0 _aTN690
_b.C515
082 _222
_a669.94
_bCHE
100 1 _aCherepin, Valentin Tikhonovich. [from old catalog]
_96826
245 1 0 _aExperimental Techniques in Physical Metallurgy/
_cV. T. Cherepin & A. K. Mallik
260 _aNew York:
_bAsia Pub. House,
_c1967
300 _axi, 426 p.:
_bill. ;
_c25 cm.
490 _aIndian Institute of Technology, Bombay Series
504 _aIncludes bibliographical references and index
650 0 _aPhysical metallurgy.
_96827
650 0 _aExperimental design.
_96828
700 1 _aMallik, Ajit Kumar, [from old catalog]
_ejoint author.
_96829
710 2 _aIndian Institute of Technology, Bombay.
_96830
942 _2ddc
_cBB
999 _c12005
_d12005